000 01168nam a22002777a 4500
003 OSt
005 20221116134811.0
007 cr ||||||a|c|a
008 221111s2021 mx a|||fom||| 001 0 spa d
040 _erda
100 1 _999640
_aRomero Padilla, Arely
245 1 _aSucesión patrimonial de unidades de producción agrícola en México /
_cpor Arely Romero Padilla, director de tesid V. Horacio Santoyo Cortés.
264 1 _aChapingo, México :
_bEl autor,
_c2021.
300 _a1 recurso en línea (153 páginas).
_bcuadros, figuras.
336 _2rdacontent
_atexto
_btxt
337 _2rdamedia
_acomputadora
_bc
338 _2rdacarrier
_arecurso en línea
_bcr
502 _bDCPEA
_cCIESTAAM
_d2021.
_gDOC
504 _aIncluye referencias bibliográficas: páginas 98-101,128-131.
650 4 _9113218
_aTierras
_xTítulos
_xRegistro y transferencia
650 4 _98471
_aAvalúos agrícolas
650 4 _9113268
_aTierras
_xValoración
700 1 _9148447
_aSantoyo Cortés, V. Horacio
_eDirector de tesis.
856 _uhttp://10.13.5.2/tesis/td/2021_CI_Romero_Padilla_Arely.pdf
_zDESCARGAR PDF
942 _2Clasificación Universidad Autónoma Chapingo
_cTD
999 _c217778
_d217778